[Event "Mislata op rapid"]
[Site "Mislata"]
[Date "2022.08.19"]
[Round "7"]
[White "Aymerich Rosell, Pablo"]
[Black "Adell Corts, Francisco"]
[Result "1/2-1/2"]
[WhiteElo "2124"]
[BlackElo "2107"]
[PlyCount "41"]
[EventDate "2022.08.15"]
[EventType "swiss (rapid)"]
[EventRounds "8"]
[EventCountry "ESP"]
[SourceTitle "EXT 2024"]
[Source "ChessBase"]
[SourceDate "2023.10.10"]
[SourceVersion "1"]
[SourceVersionDate "2023.10.10"]
[SourceQuality "1"]

1. e4 c5 2. Nf3 g6 3. d4 cxd4 4. Nxd4 Bg7 5. c4 Nc6 6. Be3 Nf6 7. Nc3 Ng4 8. Qxg4 Nxd4 9. Qd1 Nc6 10. Rc1 d6 11. Be2 0-0 12. 0-0 f5 13. exf5 Bxf5 14. Qd2 Ne5 15. h3 Qd7 16. f4 Nc6 17. c5 Rad8 18. cxd6 Rfe8 19. g4 exd6 20. Kg2 Be6 21. Bf2 1/2-1/2

[Event "Mislata op rapid"]
[Site "Mislata"]
[Date "2022.08.18"]
[Round "6"]
[White "Chernikov, Vladimir"]
[Black "Aymerich Rosell, Pablo"]
[Result "1-0"]
[WhiteElo "2258"]
[BlackElo "2124"]
[PlyCount "101"]
[EventDate "2022.08.15"]
[EventType "swiss (rapid)"]
[EventRounds "8"]
[EventCountry "ESP"]
[SourceTitle "EXT 2024"]
[Source "ChessBase"]
[SourceDate "2023.10.10"]
[SourceVersion "1"]
[SourceVersionDate "2023.10.10"]
[SourceQuality "1"]

1. d4 Nf6 2. Nf3 g6 3. Nbd2 d5 4. e3 Bg7 5. b4 0-0 6. c4 a5 7. b5 c5 8. Bb2 cxd4 9. Bxd4 Nbd7 10. Rc1 b6 11. cxd5 Nxd5 12. Bc4 Bb7 13. Bxg7 Kxg7 14. Ne4 N5f6 15. Nxf6 Nxf6 16. 0-0 Qxd1 17. Rfxd1 Bxf3 18. gxf3 Rfd8 19. Rxd8 Rxd8 20. Bb3 Rd6 21. Kf1 Nd7 22. Rc7 Kf8 23. Ke2 Nc5 24. Bc4 Na4 25. Bb3 Nc5 26. Bc4 Na4 27. Rc8+ Kg7 28. Rc6 Nc3+ 29. Kf1 Na4 30. f4 Nc5 31. Ke2 Ne4 32. Bd3 Nc5 33. Rxd6 exd6 34. Bc4 f5 35. Kd2 Ne4+ 36. Ke2 d5 37. Bb3 Nc3+ 38. Kd3 Nxb5 39. Bxd5 Nc7 40. Kd4 Kf6 41. Bc4 b5 42. Bd3 Ne6+ 43. Kd5 g5 44. fxg5+ Nxg5 45. Kc5 Nf3 46. h3 b4 47. Kb5 Ng5 48. h4 Nf3 49. h5 Kg5 50. Kxa5 Ne5 51. f4+ 1-0

[Event "Mislata op rapid"]
[Site "Mislata"]
[Date "2022.08.16"]
[Round "2"]
[White "Odriozola Coscolin, Alex"]
[Black "Aymerich Rosell, Pablo"]
[Result "1/2-1/2"]
[WhiteElo "2035"]
[BlackElo "2124"]
[PlyCount "58"]
[EventDate "2022.08.15"]
[EventType "swiss (rapid)"]
[EventRounds "8"]
[EventCountry "ESP"]
[SourceTitle "EXT 2024"]
[Source "ChessBase"]
[SourceDate "2023.10.10"]
[SourceVersion "1"]
[SourceVersionDate "2023.10.10"]
[SourceQuality "1"]

1. d4 Nf6 2. c4 g6 3. Nc3 d5 4. cxd5 Nxd5 5. e4 Nxc3 6. bxc3 Bg7 7. Nf3 c5 8. Be3 Qa5 9. Qd2 0-0 10. Be2 Nc6 11. Rb1 cxd4 12. cxd4 Qxd2+ 13. Kxd2 Rd8 14. Rhd1 Nxd4 15. Nxd4 Bxd4 16. Kc2 e5 17. Bxd4 exd4 18. Rb4 b6 19. Rbxd4 Rxd4 20. Rxd4 Be6 21. Bc4 Re8 22. Kd3 Kf8 23. Bxe6 Rxe6 24. Rd7 a5 25. Rb7 Rd6+ 26. Kc3 Rc6+ 27. Kd3 Rd6+ 28. Kc3 Rc6+ 29. Kd3 Rd6+ 1/2-1/2

[Event "Mislata op 54th"]
[Site "Mislata"]
[Date "2021.08.19"]
[Round "5"]
[White "Aymerich Rosell, Pablo"]
[Black "Perez Garcia, Jose Miguel"]
[Result "1/2-1/2"]
[WhiteElo "2128"]
[BlackElo "1898"]
[PlyCount "55"]
[EventDate "2021.08.16"]
[EventType "swiss"]
[EventRounds "9"]
[EventCountry "ESP"]
[SourceTitle "CBM 203 Extra"]
[Source "ChessBase"]
[SourceDate "2021.09.30"]
[SourceVersion "1"]
[SourceVersionDate "2021.09.30"]
[SourceQuality "1"]

1. e4 c6 2. Nc3 d5 3. Nf3 Nf6 4. e5 Ne4 5. Ne2 Qb6 6. d4 e6 7. Ng3 c5 8. Bd3 Nxg3 9. fxg3 h6 10. 0-0 cxd4 11. a3 a5 12. g4 Be7 13. b3 Bd7 14. Qe2 Nc6 15. g5 hxg5 16. Nxg5 Bxg5 17. Bxg5 Qc7 18. Rae1 Qxe5 19. Qxe5 Nxe5 20. Rxe5 f6 21. Bxf6 gxf6 22. Rxf6 Ke7 23. Rf1 Kd6 24. Rfe1 b5 25. Rg5 b4 26. a4 Rag8 27. Rge5 Rh6 28. g3 1/2-1/2

[Event "Valencian Community"]
[Site "Alfafar"]
[Date "2020.07.18"]
[Round "5"]
[White "Aymerich Rosell, Pablo"]
[Black "Silva Rodriguez, Julio Jose"]
[Result "0-1"]
[WhiteElo "2094"]
[BlackElo "2376"]
[PlyCount "120"]
[EventDate "2020.07.16"]
[EventType "tourn"]
[EventRounds "7"]
[EventCountry "ESP"]
[EventCategory "2"]
[SourceTitle "CBM 197 Extra"]
[Source "ChessBase"]
[SourceDate "2020.09.30"]
[SourceVersion "1"]
[SourceVersionDate "2020.09.30"]
[SourceQuality "1"]

1. e4 e6 2. d4 d5 3. Nd2 h6 4. Ngf3 Nf6 5. e5 Nfd7 6. c4 Be7 7. Bd3 0-0 8. 0-0 c5 9. Nb3 Nc6 10. cxd5 exd5 11. Nxc5 Bxc5 12. dxc5 Nxc5 13. h3 Re8 14. Bf4 Ne6 15. Bg3 Qb6 16. Qd2 Nb4 17. Bb1 Bd7 18. a3 Na6 19. b4 Nac7 20. Rc1 a5 21. Qc2 g6 22. Nh4 Re7 23. bxa5 Rxa5 24. Qd2 Ng5 25. Rxc7 Qxc7 26. e6 Qd8 27. exd7 Rxd7 28. Bd3 b6 29. a4 Rda7 30. f4 Qf6 31. Re1 Ne4 32. Bxe4 dxe4 33. Rxe4 Rxa4 34. Re8+ Kh7 35. Kh2 Ra8 36. Rxa8 Rxa8 37. Nf3 b5 38. Qd5 Rb8 39. f5 Rg8 40. Qxb5 gxf5 41. Qe5 Qe6 42. Qf4 Qe4 43. Nd4 Rg5 44. Nf3 Rg8 45. Qc7 Rg7 46. Be5 f6 47. Qd6 fxe5 48. Qxe5 Re7 49. Qg3 Rg7 50. Qd6 Qe2 51. Nh4 Qf2 52. Qf6 Qg3+ 53. Kh1 Qe1+ 54. Kh2 Qg3+ 55. Kh1 Kg8 56. Qxh6 Qe1+ 57. Kh2 Qe5+ 58. Kh1 f4 59. Nf3 Qe2 60. Ng5 Qe1+ 0-1

[Event "Mislata op 53rd"]
[Site "Mislata"]
[Date "2019.08.23"]
[Round "7"]
[White "Aymerich Rosell, Pablo"]
[Black "Pena Riasco, Alexander"]
[Result "1-0"]
[WhiteElo "2139"]
[BlackElo "2164"]
[PlyCount "47"]
[EventDate "2019.08.19"]
[EventType "swiss"]
[EventRounds "9"]
[EventCountry "ESP"]
[SourceTitle "EXT 2020"]
[Source "ChessBase"]
[SourceDate "2019.10.17"]
[SourceVersion "1"]
[SourceVersionDate "2019.10.17"]
[SourceQuality "1"]

1. e4 d5 2. exd5 Qxd5 3. Nc3 Qd6 4. d4 Nf6 5. Nf3 Bg4 6. h3 Bxf3 7. Qxf3 c6 8. Be3 e6 9. Bd3 Be7 10. 0-0-0 Nbd7 11. Kb1 0-0 12. g4 Rfd8 13. Bf4 Qb4 14. Bc7 Nb6 15. Bxd8 Rxd8 16. g5 Nfd5 17. Nxd5 Rxd5 18. c3 Qa5 19. h4 Na4 20. Bc2 b5 21. Rh3 g6 22. h5 Bxg5 23. hxg6 fxg6 24. Rxh7 1-0

[Event "Mislata op 53rd"]
[Site "Mislata"]
[Date "2019.08.22"]
[Round "6"]
[White "Aymerich Rosell, Pablo"]
[Black "Valdepenas Octavio, Javier"]
[Result "1/2-1/2"]
[WhiteElo "2139"]
[BlackElo "2140"]
[PlyCount "80"]
[EventDate "2019.08.19"]
[EventType "swiss"]
[EventRounds "9"]
[EventCountry "ESP"]
[SourceTitle "EXT 2020"]
[Source "ChessBase"]
[SourceDate "2019.10.17"]
[SourceVersion "1"]
[SourceVersionDate "2019.10.17"]
[SourceQuality "1"]

1. d4 Nf6 2. c4 e6 3. Nc3 d5 4. cxd5 exd5 5. Bg5 Be7 6. e3 Nbd7 7. Bd3 Nf8 8. Nf3 Ne6 9. Bh4 0-0 10. 0-0 g6 11. Qc2 c6 12. Rab1 a5 13. a3 Ng7 14. b4 axb4 15. axb4 Bf5 16. Bxf5 Nxf5 17. Bxf6 Bxf6 18. b5 Nd6 19. bxc6 bxc6 20. Rfc1 Nc4 21. Rb3 Qd6 22. Nd2 Na5 23. Rbb1 Bg5 24. Na4 f5 25. g3 Rae8 26. Qc5 Qd8 27. Nb6 f4 28. exf4 Rxf4 29. Qxa5 Rxf2 30. Kxf2 Qf6+ 31. Nf3 Re3 32. Qa8+ Kg7 33. Qb7+ Kh6 34. Qd7 Qxf3+ 35. Kg1 Re2 36. Qh3+ Kg7 37. Nxd5 Qf2+ 38. Kh1 Qf3+ 39. Kg1 Qf2+ 40. Kh1 Qf3+ 1/2-1/2

[Event "Sueca op 5th"]
[Site "Sueca"]
[Date "2019.07.28"]
[Round "9"]
[White "Gonzalvez Tamarit, Ivan"]
[Black "Aymerich Rosell, Pablo"]
[Result "0-1"]
[WhiteElo "1924"]
[BlackElo "2154"]
[PlyCount "120"]
[EventDate "2019.07.22"]
[EventType "swiss"]
[EventRounds "9"]
[EventCountry "ESP"]
[SourceTitle "EXT 2020"]
[Source "ChessBase"]
[SourceDate "2019.10.17"]
[SourceVersion "1"]
[SourceVersionDate "2019.10.17"]
[SourceQuality "1"]

1. d4 Nf6 2. Nf3 g6 3. Bf4 Bg7 4. e3 0-0 5. Be2 d6 6. h3 b6 7. Nbd2 Bb7 8. c3 Nbd7 9. 0-0 Ne4 10. a4 a5 11. Bh2 e5 12. Re1 Qe7 13. Bf1 Kh8 14. Qc2 f5 15. b4 g5 16. Bd3 Nxd2 17. Nxd2 e4 18. Bf1 Nf6 19. bxa5 Rxa5 20. Nb3 Raa8 21. a5 bxa5 22. Nxa5 Bd5 23. c4 Bg8 24. Reb1 g4 25. c5 gxh3 26. gxh3 Nd5 27. cxd6 cxd6 28. Nc4 Rxa1 29. Rxa1 f4 30. Kh1 Bf7 31. Bg2 Nb4 32. Qd2 Nd3 33. Nb2 fxe3 34. fxe3 Bg6 35. Nxd3 exd3 36. Bf4 Rc8 37. Ra8 Rxa8 38. Bxa8 Bf6 39. Bg2 Bg5 40. e4 Bxf4 41. Qxf4 Kg7 42. Kg1 Qc7 43. e5 dxe5 44. dxe5 Qa7+ 45. Kh2 Qb6 46. Bf1 Qd8 47. Qd2 Qd4 48. e6 Kf6 49. e7 Kxe7 50. Bxd3 Bxd3 51. Qg5+ Kf7 52. Qh5+ Bg6 53. Qf3+ Kg7 54. Qb7+ Kh6 55. Qf3 Qe5+ 56. Kg1 Be4 57. Qf8+ Kh5 58. Qf7+ Kh6 59. Qf2 Qg7+ 60. Kh2 Qc7+ 0-1

[Event "Sueca op 5th"]
[Site "Sueca"]
[Date "2019.07.27"]
[Round "8"]
[White "Aymerich Rosell, Pablo"]
[Black "Costa Grau, Adrian"]
[Result "1/2-1/2"]
[WhiteElo "2154"]
[BlackElo "2010"]
[PlyCount "190"]
[EventDate "2019.07.22"]
[EventType "swiss"]
[EventRounds "9"]
[EventCountry "ESP"]
[SourceTitle "EXT 2020"]
[Source "ChessBase"]
[SourceDate "2019.10.17"]
[SourceVersion "1"]
[SourceVersionDate "2019.10.17"]
[SourceQuality "1"]

1. e4 c5 2. Nf3 Nc6 3. Bb5 g6 4. Bxc6 dxc6 5. d3 Bg7 6. h3 Nf6 7. Nc3 Nd7 8. 0-0 e5 9. Be3 Qe7 10. Qd2 h6 11. Nh2 Nf8 12. f4 exf4 13. Bxf4 Ne6 14. Bg3 0-0 15. Rae1 Nd4 16. Nf3 Nxf3+ 17. Rxf3 Be6 18. e5 Bd5 19. Ne4 Bxe4 20. Rxe4 Qe6 21. b3 b6 22. a4 Rad8 23. Qe3 Rd5 24. c4 Rd7 25. d4 cxd4 26. Rxd4 Rfd8 27. Rxd7 Rxd7 28. c5 bxc5 29. Qxc5 Rd1+ 30. Kh2 Rd5 31. Qxa7 Bxe5 32. Qe3 Kg7 33. Bxe5+ Rxe5 34. Qc3 Kh7 35. Rxf7+ Qxf7 36. Qxe5 Qxb3 37. Qc7+ Kh8 38. Qxc6 Qb8+ 39. Kg1 Qb1+ 40. Kf2 Qf5+ 41. Ke3 Qe5+ 42. Kd3 Qf5+ 43. Kc4 Qc2+ 44. Kb5 Qb2+ 45. Kc5 Qc3+ 46. Kd5 Qd3+ 47. Ke6 Qf5+ 48. Ke7 Qe5+ 49. Kf7 Qg7+ 50. Ke6 Qg8+ 51. Ke5 Qb8+ 52. Kf6 Qd8+ 53. Kxg6 Qg8+ 54. Kf6 Qg5+ 55. Ke6 Qe3+ 56. Kf7 Qa7+ 57. Ke6 Qe3+ 58. Kd6 Qd4+ 59. Ke6 Qe3+ 60. Kd5 Qd3+ 61. Kc5 Qc3+ 62. Kb6 Qb2+ 63. Ka6 Qe2+ 64. Kb7 Qe7+ 65. Kc8 Qf8+ 66. Kd7 Qf7+ 67. Kd6 Qf6+ 68. Kd5 Qf5+ 69. Kd4 Qf2+ 70. Kd3 Qf1+ 71. Ke3 Qe1+ 72. Kf3 Qf1+ 73. Kg3 Qe1+ 74. Kh2 Qe5+ 75. g3 Qe2+ 76. Qg2 Qa6 77. Qb2+ Kh7 78. Qb5 Qd6 79. h4 Qd2+ 80. Kh3 Qe1 81. Qd5 Qf1+ 82. Kh2 Qf2+ 83. Qg2 Qa7 84. Qc2+ Kh8 85. Qc3+ Kh7 86. Qd3+ Kh8 87. Qe4 Qf2+ 88. Kh3 Qf1+ 89. Kg4 Qd1+ 90. Kf5 Qd7+ 91. Kf4 Qd2+ 92. Ke5 Qc3+ 93. Kf5 Qc8+ 94. Kg6 Qg8+ 95. Kxh6 Qe6+ 1/2-1/2

[Event "Sueca op 5th"]
[Site "Sueca"]
[Date "2019.07.27"]
[Round "7"]
[White "Kovacevic, Slobodan"]
[Black "Aymerich Rosell, Pablo"]
[Result "1/2-1/2"]
[WhiteElo "2257"]
[BlackElo "2154"]
[PlyCount "92"]
[EventDate "2019.07.22"]
[EventType "swiss"]
[EventRounds "9"]
[EventCountry "ESP"]
[SourceTitle "EXT 2020"]
[Source "ChessBase"]
[SourceDate "2019.10.17"]
[SourceVersion "1"]
[SourceVersionDate "2019.10.17"]
[SourceQuality "1"]

1. d4 Nf6 2. Nf3 d5 3. Bf4 c5 4. e3 Nc6 5. c3 Qb6 6. Qb3 c4 7. Qc2 Bf5 8. Qc1 e6 9. Nbd2 h6 10. Be2 Be7 11. Bd1 0-0 12. Bc2 Rfc8 13. Qb1 Bxc2 14. Qxc2 Qd8 15. e4 b5 16. a3 a5 17. 0-0 b4 18. axb4 axb4 19. exd5 b3 20. Qb1 Rxa1 21. Qxa1 Ra8 22. dxc6 Rxa1 23. Rxa1 Nd5 24. Bg3 Qc8 25. Ne5 f6 26. Nexc4 Qxc6 27. Na5 Qa6 28. c4 Nb4 29. Naxb3 Qb7 30. Ra5 Nc6 31. Rb5 Qd7 32. Nf3 e5 33. d5 Na7 34. Rb8+ Kh7 35. Rb6 Qc7 36. Re6 Qxc4 37. Rxe7 Qxb3 38. h3 Nc8 39. Rd7 Nb6 40. Rb7 Qd1+ 41. Kh2 Nxd5 42. Nxe5 f5 43. Rd7 Qb3 44. Nf3 f4 45. Bh4 Qb5 46. Ra7 Qxb2 1/2-1/2

[Event "Rutas de Cuenca op 6th"]
[Site "Cuenca"]
[Date "2019.07.20"]
[Round "3"]
[White "Sanchez Schneider, Manuel"]
[Black "Aymerich Rosell, Pablo"]
[Result "0-1"]
[WhiteElo "1645"]
[BlackElo "2154"]
[PlyCount "114"]
[EventDate "2019.07.19"]
[EventType "swiss"]
[EventRounds "7"]
[EventCountry "ESP"]
[SourceTitle "CBM 195 Extra"]
[Source "ChessBase"]
[SourceDate "2020.05.31"]
[SourceVersion "1"]
[SourceVersionDate "2020.05.31"]
[SourceQuality "1"]

1. d4 Nf6 2. Bg5 e6 3. e4 h6 4. Bxf6 Qxf6 5. Nc3 Bb4 6. e5 Qg6 7. Qd3 Qxd3 8. Bxd3 d6 9. Nge2 dxe5 10. dxe5 Nd7 11. f4 g5 12. g3 Nc5 13. 0-0-0 Bd7 14. Bc4 0-0-0 15. a3 Bxc3 16. Nxc3 Bc6 17. Rxd8+ Rxd8 18. Rd1 gxf4 19. Rxd8+ Kxd8 20. gxf4 Ke7 21. b4 Nd7 22. Nb5 Bxb5 23. Bxb5 c6 24. Bd3 f6 25. exf6+ Nxf6 26. c4 Nh5 27. f5 e5 28. Kd2 Kf6 29. Ke3 Ng7 30. a4 Nxf5+ 31. Ke4 Nd6+ 32. Ke3 b6 33. c5 bxc5 34. bxc5 Nb7 35. Be4 Nxc5 36. Bxc6 Ke6 37. a5 Kd6 38. Bb5 Kd5 39. h4 Nb3 40. a6 Nd4 41. Bd3 Ne6 42. Be4+ Kc5 43. Bb7 Kb6 44. Bc8 Nc5 45. h5 Kc7 46. Bf5 Nxa6 47. Ke4 Kd6 48. Bc8 Nc5+ 49. Ke3 a5 50. Bf5 a4 51. Bb1 Ne6 52. Kf3 Nf4 53. Kg4 Ke6 54. Ba2+ Kf6 55. Bc4 a3 56. Ba2 Ne2 57. Kf3 Nc3 0-1

[Event "Valencia-ch A"]
[Site "Denia"]
[Date "2019.05.05"]
[Round "3.3"]
[White "Pallardo Lozoya, Jose Vicente"]
[Black "Aymerich Rosell, Pablo"]
[Result "1-0"]
[WhiteElo "2368"]
[BlackElo "2173"]
[PlyCount "51"]
[EventDate "2019.05.04"]
[EventType "tourn"]
[EventRounds "7"]
[EventCountry "ESP"]
[SourceTitle "EXT 2024"]
[Source "ChessBase"]
[SourceDate "2023.10.10"]
[SourceVersion "1"]
[SourceVersionDate "2023.10.10"]
[SourceQuality "1"]

1. e4 c6 2. Nc3 d5 3. Nf3 dxe4 4. Nxe4 Nf6 5. Qe2 Nxe4 6. Qxe4 Qd5 7. Qh4 Qe6+ 8. Be2 Qg6 9. 0-0 Qxc2 10. Bc4 Qf5 11. Re1 Nd7 12. Ng5 Ne5 13. Rxe5 Qxe5 14. Bxf7+ Kd8 15. Bc4 Qe1+ 16. Bf1 Be6 17. b3 Qe5 18. Bb2 Qxb2 19. Nxe6+ Ke8 20. Re1 Rd8 21. d4 Rd7 22. Qh5+ g6 23. Qe5 Rg8 24. Qb8+ Kf7 25. Ng5+ Kg7 26. Qe5+ 1-0

[Event "Valencia-ch A"]
[Site "Denia"]
[Date "2019.05.04"]
[Round "1"]
[White "Valmana Canto, Jaime"]
[Black "Aymerich Rosell, Pablo"]
[Result "1-0"]
[WhiteElo "2389"]
[BlackElo "2173"]
[PlyCount "93"]
[EventDate "2019.05.04"]
[EventType "tourn"]
[EventRounds "7"]
[EventCountry "ESP"]
[SourceTitle "EXT 2024"]
[Source "ChessBase"]
[SourceDate "2023.10.10"]
[SourceVersion "1"]
[SourceVersionDate "2023.10.10"]
[SourceQuality "1"]

1. d4 f5 2. g3 Nf6 3. Bg2 g6 4. Nf3 Bg7 5. 0-0 0-0 6. Nc3 d6 7. Qd3 Nc6 8. e4 fxe4 9. Nxe4 Kh8 10. Neg5 h6 11. d5 Bf5 12. Qb3 Na5 13. Qa4 hxg5 14. Qxa5 g4 15. Nd4 c5 16. Qxd8 Rfxd8 17. Nxf5 gxf5 18. Re1 Re8 19. a4 Nd7 20. f4 gxf3 21. Bxf3 Ne5 22. Bh5 Rf8 23. a5 Kh7 24. Bf4 Bf6 25. Ra4 Rac8 26. Kg2 Kg7 27. Rf1 Rh8 28. Be2 Kg6 29. h4 Rhf8 30. c3 Bg7 31. Bg5 Bf6 32. Bd2 Bg7 33. Bd1 Bh6 34. Bxh6 Kxh6 35. Bc2 Ng4 36. Re1 Rc7 37. Rf4 Ne5 38. Rxf5 Rxf5 39. Bxf5 c4 40. g4 Rc5 41. g5+ Kh5 42. Be6 Kxh4 43. Rxe5 dxe5 44. g6 Rb5 45. g7 Rxb2+ 46. Kf3 e4+ 47. Kxe4 1-0

[Event "Valencia-ch"]
[Site "Valencia"]
[Date "2018.04.21"]
[Round "6"]
[White "Aymerich Rosell, Pablo"]
[Black "Insa Alfonso, Pablo"]
[Result "1/2-1/2"]
[WhiteElo "2227"]
[BlackElo "2244"]
[PlyCount "74"]
[EventDate "2018.04.07"]
[EventType "tourn"]
[EventRounds "7"]
[EventCountry "ESP"]
[EventCategory "4"]
[SourceTitle "CBM 184 Extra"]
[Source "ChessBase"]
[SourceDate "2018.06.28"]
[SourceVersion "1"]
[SourceVersionDate "2018.06.28"]
[SourceQuality "1"]

1. d4 Nf6 2. c4 g6 3. Nc3 d5 4. Bg5 Ne4 5. Bh4 Nxc3 6. bxc3 dxc4 7. e3 Be6 8. Nh3 Qd5 9. Nf4 Qa5 10. Rc1 Bd5 11. Nxd5 Qxd5 12. Be2 c6 13. 0-0 Nd7 14. Qc2 Nb6 15. a4 Qa5 16. Ra1 Bg7 17. Rfb1 e5 18. h3 0-0 19. Be7 Rfe8 20. Bb4 Qd5 21. a5 Nc8 22. Qa2 b5 23. axb6 Nxb6 24. Bc5 h5 25. Qa6 Bf8 26. Bxb6 axb6 27. Qxc4 Qxc4 28. Bxc4 exd4 29. cxd4 b5 30. Be2 b4 31. Bf3 Rxa1 32. Rxa1 b3 33. Rb1 Rb8 34. Bxc6 b2 35. Be4 Ba3 36. Kf1 Rc8 37. Rd1 Kf8 1/2-1/2

[Event "Valencia-ch"]
[Site "Valencia"]
[Date "2018.04.07"]
[Round "2"]
[White "Campos Gambuti, Luis Maria"]
[Black "Aymerich Rosell, Pablo"]
[Result "1-0"]
[WhiteElo "2411"]
[BlackElo "2227"]
[PlyCount "123"]
[EventDate "2018.04.07"]
[EventType "tourn"]
[EventRounds "7"]
[EventCountry "ESP"]
[EventCategory "4"]
[SourceTitle "CBM 184 Extra"]
[Source "ChessBase"]
[SourceDate "2018.06.28"]
[SourceVersion "1"]
[SourceVersionDate "2018.06.28"]
[SourceQuality "1"]

1. d4 d5 2. Nf3 Nf6 3. c4 e6 4. Nc3 Bb4 5. Bg5 Nbd7 6. cxd5 exd5 7. Nd2 c6 8. e3 0-0 9. Bd3 Re8 10. Qc2 Nf8 11. a3 Bd6 12. Bh4 Bg4 13. b4 Ng6 14. Bg3 Nf4 15. 0-0 Nxd3 16. Qxd3 Bxg3 17. hxg3 Bd7 18. b5 Ng4 19. bxc6 bxc6 20. Rfe1 Qg5 21. Nf1 Bf5 22. Qd2 Re6 23. f3 Nf6 24. Ne2 Ne8 25. g4 Bg6 26. Nf4 Rf6 27. Rac1 h5 28. Nh3 Qh4 29. g5 Re6 30. Qf2 Qxf2+ 31. Kxf2 Rc8 32. Nf4 Rd6 33. Ng3 h4 34. Nge2 Rb8 35. Rc5 Rb3 36. Ra5 Rd7 37. Rc5 Rd6 38. Rec1 Rb6 39. Ra5 Rd7 40. Nxg6 fxg6 41. Nf4 Nd6 42. Nxg6 Rb2+ 43. Kg1 Nc4 44. Rc5 Nxe3 45. Nxh4 Rd2 46. Rxc6 Rxd4 47. g6 Kf8 48. Kf2 Rxh4 49. Kxe3 Ra4 50. Re6 Rxa3+ 51. Kf2 Ra2+ 52. Kg3 Rd8 53. Rc7 d4 54. Rf7+ Kg8 55. Rd7 Rb8 56. Rxd4 Rab2 57. Rd7 R2b5 58. f4 R5b6 59. f5 Rf8 60. Kg4 Rf6 61. Re8+ Rf8 62. Ree7 1-0

[Event "Xativa Murta op 3rd"]
[Site "Xativa"]
[Date "2017.07.20"]
[Round "5"]
[White "Aymerich Rosell, Pablo"]
[Black "Aledo Yanguas, Javier"]
[Result "1/2-1/2"]
[WhiteElo "2233"]
[BlackElo "2022"]
[PlyCount "107"]
[EventDate "2017.07.17"]
[EventType "swiss"]
[EventRounds "7"]
[EventCountry "ESP"]
[SourceTitle "CBM 179 Extra"]
[Source "ChessBase"]
[SourceDate "2017.08.23"]
[SourceVersion "1"]
[SourceVersionDate "2017.08.23"]
[SourceQuality "1"]

1. d4 d5 2. c4 c6 3. cxd5 cxd5 4. Bf4 Nc6 5. e3 Nf6 6. Nc3 a6 7. Bd3 e6 8. Rc1 Bd6 9. Bxd6 Qxd6 10. f4 b5 11. Nf3 Bd7 12. Ne5 0-0 13. 0-0 Rfc8 14. Qe1 Ne7 15. a3 Rab8 16. Qh4 Nf5 17. Qh3 g6 18. g4 Ne7 19. Qh4 Kg7 20. Rf3 Rh8 21. Rh3 h5 22. g5 Ne8 23. Rf3 b4 24. axb4 Rxb4 25. Rf2 Nc7 26. Rfc2 Bb5 27. Nxb5 Nxb5 28. Qe1 a5 29. Qe2 Rb8 30. Rc5 Na7 31. R1c2 a4 32. Qd2 R8b6 33. Rc7 Rb7 34. Rxb7 Rxb7 35. Qa5 Qb4 36. Qxb4 Rxb4 37. Rc7 Nac8 38. Ba6 Rxb2 39. Bxc8 Nxc8 40. Rxc8 a3 41. Rc7 a2 42. Rxf7+ Kg8 43. Ra7 Rb1+ 44. Kg2 a1Q 45. Rxa1 Rxa1 46. Nxg6 Kg7 47. Ne5 Ra2+ 48. Kg3 Re2 49. h3 Rxe3+ 50. Kh4 Rc3 51. Kxh5 Rxh3+ 52. Kg4 Re3 53. Nc6 Re4 54. Nd8 1/2-1/2

[Event "Xativa Murta op 3rd"]
[Site "Xativa"]
[Date "2017.07.19"]
[Round "4"]
[White "Martinez Escandell, Alfonso"]
[Black "Aymerich Rosell, Pablo"]
[Result "0-1"]
[WhiteElo "1942"]
[BlackElo "2233"]
[PlyCount "100"]
[EventDate "2017.07.17"]
[EventType "swiss"]
[EventRounds "7"]
[EventCountry "ESP"]
[SourceTitle "EXT 2018"]
[Source "ChessBase"]
[SourceDate "2017.10.13"]
[SourceVersion "1"]
[SourceVersionDate "2017.10.13"]
[SourceQuality "1"]

1. e4 c6 2. d4 d5 3. Nc3 dxe4 4. Nxe4 Bf5 5. Ng3 Bg6 6. Nf3 Nd7 7. Bd3 e6 8. Bf4 Qa5+ 9. c3 Ngf6 10. Bxg6 hxg6 11. Qb3 Qb6 12. Qxb6 Nxb6 13. Ne2 Be7 14. Ne5 0-0 15. 0-0 Rfd8 16. a4 Nbd5 17. Bg5 Rac8 18. Nd3 Kf8 19. Nef4 Nxf4 20. Bxf4 Nd5 21. Bg3 a5 22. Rfe1 Nb6 23. f3 Nc4 24. b3 Nb6 25. Re5 Nd5 26. Rc1 Bf6 27. Re4 b6 28. Be5 Ne7 29. Bxf6 gxf6 30. Nb2 Nd5 31. Ree1 Ke7 32. g3 c5 33. c4 Nb4 34. d5 Kd6 35. dxe6 fxe6 36. Re3 Nc6 37. Nd3 Nd4 38. Nf4 g5 39. Ne2 Ke7 40. Kf2 Nf5 41. Rec3 Rd2 42. R1c2 Rcd8 43. g4 Nh4 44. Rxd2 Rxd2 45. Ke3 Rb2 46. h3 Ng2+ 47. Kd3 Kd6 48. f4 gxf4 49. h4 Ke5 50. h5 Ne1# 0-1

[Event "Valencia-ch"]
[Site "Puerto de Sagunto"]
[Date "2017.04.30"]
[Round "5.1"]
[White "Torres Sanchez, Jose"]
[Black "Aymerich Rosell, Pablo"]
[Result "1-0"]
[WhiteElo "2312"]
[BlackElo "2413"]
[PlyCount "123"]
[EventDate "2017.04.22"]
[EventType "tourn"]
[EventRounds "7"]
[EventCountry "ESP"]
[SourceTitle "EXT 2024"]
[Source "ChessBase"]
[SourceDate "2023.10.10"]
[SourceVersion "1"]
[SourceVersionDate "2023.10.10"]
[SourceQuality "1"]

1. e4 c6 2. d4 d5 3. e5 c5 4. dxc5 e6 5. Nf3 Nc6 6. Bd3 Bxc5 7. a3 Nge7 8. 0-0 Ng6 9. Re1 0-0 10. b4 Bb6 11. Bb2 f6 12. exf6 gxf6 13. c4 Nf4 14. Bf1 dxc4 15. Bxc4 Qxd1 16. Rxd1 Kg7 17. Nc3 e5 18. Nd5 Nxd5 19. Bxd5 Rd8 20. h3 Bd7 21. Rd2 Be8 22. Rad1 Bf7 23. Be4 Rxd2 24. Rxd2 Rd8 25. Rxd8 Nxd8 26. Nh4 Bg6 27. Nxg6 hxg6 28. Kf1 Bc7 29. Ke2 f5 30. Bd5 Kf8 31. h4 Ke7 32. f3 f4 33. Kd3 Kf6 34. Ke4 b6 35. Bc4 Nc6 36. b5 Ne7 37. g4 fxg3 38. f4 Nf5 39. fxe5+ Ke7 40. Kf3 g2 41. Kf2 Ne3 42. Be2 Ke6 43. Bc1 Nf5 44. Bc4+ Kxe5 45. Bg5 Bd6 46. Kxg2 Be7 47. Bxe7 Nxe7 48. Bf7 Kf6 49. Be8 Nf5 50. Kh3 Nd6 51. Bd7 Nc4 52. Kg3 Nxa3 53. Kf4 Nc4 54. Ke4 Ke7 55. Bc6 Nd6+ 56. Ke5 Nf5 57. h5 Nd6 58. hxg6 Nc4+ 59. Kf5 Nd6+ 60. Kg5 Nc4 61. g7 Kf7 62. Kh6 1-0

[Event "Valencia-ch"]
[Site "Puerto de Sagunto"]
[Date "2017.04.23"]
[Round "4.1"]
[White "Aymerich Rosell, Pablo"]
[Black "Galiana Fernandez, Adrian"]
[Result "1/2-1/2"]
[WhiteElo "2413"]
[BlackElo "2250"]
[PlyCount "75"]
[EventDate "2017.04.22"]
[EventType "tourn"]
[EventRounds "7"]
[EventCountry "ESP"]
[SourceTitle "EXT 2024"]
[Source "ChessBase"]
[SourceDate "2023.10.10"]
[SourceVersion "1"]
[SourceVersionDate "2023.10.10"]
[SourceQuality "1"]

1. d4 Nf6 2. c4 e6 3. Nc3 Bb4 4. e3 b6 5. Nge2 Ne4 6. f3 Nxc3 7. bxc3 Be7 8. Ng3 Nc6 9. Bd3 Ba6 10. 0-0 Na5 11. Qe2 c5 12. Bd2 d6 13. f4 f5 14. e4 g6 15. exf5 exf5 16. Rae1 Rf8 17. Rf3 Rf7 18. h4 Kf8 19. h5 Bh4 20. Re3 Re7 21. hxg6 hxg6 22. Rxe7 Qxe7 23. Qf3 Qb7 24. d5 Re8 25. Rxe8+ Kxe8 26. Nxf5 gxf5 27. Qh5+ Qf7 28. Qxh4 Bxc4 29. Qh8+ Ke7 30. Be1 Kd7 31. Bxc4 Nxc4 32. Qa8 Qh5 33. Qxa7+ Kd8 34. Qb8+ Kd7 35. Qb7+ Ke8 36. Qc8+ Kf7 37. Qe6+ Kg7 38. Qe7+ 1/2-1/2